Twelve years of banking in Pakistan. (Record no. 69502)

MARC details
000 -LEADER
fixed length control field 00589cam a22002291 4500
001 - CONTROL NUMBER
control field sa 66004593
003 - CONTROL NUMBER IDENTIFIER
control field DLC
005 - DATE AND TIME OF LATEST TRANSACTION
control field 20260227112243.0
008 - FIXED-LENGTH DATA ELEMENTS--GENERAL INFORMATION
fixed length control field 810619s1960 pk c 000 0 eng
010 ## - LIBRARY OF CONGRESS CONTROL NUMBER
LC control number sa 66004593
035 ## - SYSTEM CONTROL NUMBER
System control number (OCoLC)7514800
040 ## - CATALOGING SOURCE
Original cataloging agency DLC
Transcribing agency TxDa
Modifying agency DLC
042 ## - AUTHENTICATION CODE
Authentication code premarc
043 ## - GEOGRAPHIC AREA CODE
Geographic area code a-pk---
050 00 - LIBRARY OF CONGRESS CALL NUMBER
Classification number HG3290.5.A7
Item number A53
110 2# - MAIN ENTRY--CORPORATE NAME
Corporate name or jurisdiction name as entry element State Bank of Pakistan.
245 10 - TITLE STATEMENT
Title Twelve years of banking in Pakistan.
260 ## - PUBLICATION, DISTRIBUTION, ETC.
Place of publication, distribution, etc. [Karachi,
Date of publication, distribution, etc. 1960?]
300 ## - PHYSICAL DESCRIPTION
Extent 62 p.
Other physical details ports.
Dimensions 25 cm.
500 ## - GENERAL NOTE
General note Cover title.
650 #0 - SUBJECT ADDED ENTRY--TOPICAL TERM
Topical term or geographic name entry element Banks and banking
Geographic subdivision Pakistan.

No items available.

Powered by Koha